000 00784cam a2200241 4500
001 J579
008 090401t1999 xxu||||| |||| 00| 0 eng d
035 _a(Sirsi) u75594
041 _aeng
050 _a332.6324
110 _aGrimley J R Eve
_9610
245 4 _aThe economy and the property market: 1992 - 1999
260 _aLondon
_bGrimley J R Eve
_c1992-1999
300 _a1 vol. ; 30cm.
350 _a0
520 _aGrimley JR Eve became GVA Grimley. The Economy and the property market became Economic and property market review. In complete.
650 _aECONOMIC INDICATORS
650 _aPROPERTY INVESTMENT
650 _aPROPERTY MARKET
690 _aPROPERTY-COMMERCIAL PROPERTY-COMMERCIAL PROPERTY FINANCE AND INVESTMENT
942 _n0
948 _c04/03/1997
999 _c96052
_d96052